000 00825cam a22002773a 4500
001 4094
003 PGUSA
005 20140828083048.0
008 030501s2003||||xxu|||||s|||||000 | eng d
040 _aPGUSA
_beng
042 _adc
050 4 _aPL
100 1 _aLegge, James,
_d1815-1897
245 1 4 _aThe Chinese Classics — Volume 1 :
_bConfucian Analects
_h[electronic resource] /
_cJames Legge
260 _bProject Gutenberg,
_c2003
500 _aTexts in Chinese and English.
506 _aPublic domain in the USA.
516 _aElectronic text
653 _aChina -- Maps
653 _aChinese literature
653 _aChina -- History
653 _aChinese literature -- Translations into English
830 0 _aProject Gutenberg
_v4094
856 4 0 _uhttp://www.gutenberg.org/ebooks/4094
942 _cEB
999 _c233423
_d233423